<?xml version="1.0" encoding="UTF-8"?>
<record
    xmlns:xsi="http://www.w3.org/2001/XMLSchema-instance"
    xsi:schemaLocation="http://www.loc.gov/MARC21/slim http://www.loc.gov/standards/marcxml/schema/MARC21slim.xsd"
    xmlns="http://www.loc.gov/MARC21/slim">

  <leader>01258nam a22001697a 4500</leader>
  <controlfield tag="005">20230626125924.0</controlfield>
  <controlfield tag="008">220302b           ||||| |||| 00| 0 eng d</controlfield>
  <datafield tag="020" ind1=" " ind2=" ">
    <subfield code="a">9789988545000</subfield>
  </datafield>
  <datafield tag="050" ind1=" " ind2=" ">
    <subfield code="a">REF</subfield>
  </datafield>
  <datafield tag="245" ind1=" " ind2=" ">
    <subfield code="a">Ghana legal system and legal methods : a core text book for LLB students. /</subfield>
    <subfield code="c">Ernest Owusu-Dapaa and Nicholas Freduah Kwarteng. </subfield>
  </datafield>
  <datafield tag="260" ind1=" " ind2=" ">
    <subfield code="a">Accra :</subfield>
    <subfield code="b">Major Dadzie Books,</subfield>
    <subfield code="c">2019.</subfield>
  </datafield>
  <datafield tag="300" ind1=" " ind2=" ">
    <subfield code="a">xxiiii, 352 p. :</subfield>
    <subfield code="c">25 cm.</subfield>
  </datafield>
  <datafield tag="500" ind1=" " ind2=" ">
    <subfield code="a">Includes index.</subfield>
  </datafield>
  <datafield tag="505" ind1=" " ind2=" ">
    <subfield code="a">Contents : Part one : Legal system : General introduction -- Classification / division of law -- Sources of law -- The Courts and the practitioners -- An overview of the criminal procedure in Ghana -- The civil justice system -- Alternative dispute resolution -- Access to justice and legal aid in Ghana -- Part Two : Legal method : The doctrine of judicial precedent (stare decisis) -- Teaching case analysis : the solomon's judgement as case study -- Theories of law -- Statutory interpretation -- Legal english : rules of good writing -- Writing style : referencing citation, parenthetical and punctuation -- Brevity as persuasion tool -- Legal reasoning -- Basic introduction to selected disciplines of law. </subfield>
  </datafield>
  <datafield tag="700" ind1=" " ind2=" ">
    <subfield code="a">Kwarteng, Nicholas Freduah.</subfield>
    <subfield code="9">1892</subfield>
  </datafield>
  <datafield tag="942" ind1=" " ind2=" ">
    <subfield code="2">ddc</subfield>
    <subfield code="c">BK</subfield>
  </datafield>
  <datafield tag="999" ind1=" " ind2=" ">
    <subfield code="c">8864</subfield>
    <subfield code="d">16364</subfield>
  </datafield>
  <datafield tag="952" ind1=" " ind2=" ">
    <subfield code="0">0</subfield>
    <subfield code="1">0</subfield>
    <subfield code="2">lcc</subfield>
    <subfield code="4">0</subfield>
    <subfield code="7">0</subfield>
    <subfield code="a">WIUC-1</subfield>
    <subfield code="b">WIUC-1</subfield>
    <subfield code="c">LL</subfield>
    <subfield code="d">2022-03-02</subfield>
    <subfield code="o">KRX68.O97</subfield>
    <subfield code="p">2797/013/22</subfield>
    <subfield code="r">2022-03-02 00:00:00</subfield>
    <subfield code="t">1</subfield>
    <subfield code="w">2022-03-02</subfield>
    <subfield code="y">BK</subfield>
  </datafield>
  <datafield tag="952" ind1=" " ind2=" ">
    <subfield code="0">0</subfield>
    <subfield code="1">0</subfield>
    <subfield code="2">lcc</subfield>
    <subfield code="4">0</subfield>
    <subfield code="7">0</subfield>
    <subfield code="a">WIUC-1</subfield>
    <subfield code="b">WIUC-1</subfield>
    <subfield code="c">LL</subfield>
    <subfield code="d">2022-03-03</subfield>
    <subfield code="o">KRX68.O971</subfield>
    <subfield code="p">2816/032/22</subfield>
    <subfield code="r">2022-03-03 00:00:00</subfield>
    <subfield code="t">2</subfield>
    <subfield code="w">2022-03-03</subfield>
    <subfield code="y">BK</subfield>
  </datafield>
  <datafield tag="952" ind1=" " ind2=" ">
    <subfield code="0">0</subfield>
    <subfield code="1">0</subfield>
    <subfield code="2">lcc</subfield>
    <subfield code="4">0</subfield>
    <subfield code="7">0</subfield>
    <subfield code="a">WIUC-1</subfield>
    <subfield code="b">WIUC-1</subfield>
    <subfield code="c">LL</subfield>
    <subfield code="d">2022-03-03</subfield>
    <subfield code="o">KRX68.O972</subfield>
    <subfield code="p">2817/033/22</subfield>
    <subfield code="r">2022-03-03 00:00:00</subfield>
    <subfield code="t">3</subfield>
    <subfield code="w">2022-03-03</subfield>
    <subfield code="y">BK</subfield>
  </datafield>
  <datafield tag="952" ind1=" " ind2=" ">
    <subfield code="0">0</subfield>
    <subfield code="1">0</subfield>
    <subfield code="2">lcc</subfield>
    <subfield code="4">0</subfield>
    <subfield code="7">0</subfield>
    <subfield code="a">WIUC-1</subfield>
    <subfield code="b">WIUC-1</subfield>
    <subfield code="c">LL</subfield>
    <subfield code="d">2022-03-03</subfield>
    <subfield code="o">KRX68.O973</subfield>
    <subfield code="p">2818/034/22</subfield>
    <subfield code="r">2022-03-03 00:00:00</subfield>
    <subfield code="t">4</subfield>
    <subfield code="w">2022-03-03</subfield>
    <subfield code="y">BK</subfield>
  </datafield>
  <datafield tag="952" ind1=" " ind2=" ">
    <subfield code="0">0</subfield>
    <subfield code="1">0</subfield>
    <subfield code="2">lcc</subfield>
    <subfield code="4">0</subfield>
    <subfield code="7">0</subfield>
    <subfield code="a">WIUC-KL</subfield>
    <subfield code="b">WIUC-KL</subfield>
    <subfield code="c">LL</subfield>
    <subfield code="d">2023-05-30</subfield>
    <subfield code="l">0</subfield>
    <subfield code="o">KRX68.O97</subfield>
    <subfield code="p">KSL/1929/192/23</subfield>
    <subfield code="r">2023-06-26 00:00:00</subfield>
    <subfield code="t">1</subfield>
    <subfield code="w">2023-06-26</subfield>
    <subfield code="y">BK</subfield>
  </datafield>
  <datafield tag="952" ind1=" " ind2=" ">
    <subfield code="0">0</subfield>
    <subfield code="1">0</subfield>
    <subfield code="2">lcc</subfield>
    <subfield code="4">0</subfield>
    <subfield code="7">0</subfield>
    <subfield code="a">WIUC-KL</subfield>
    <subfield code="b">WIUC-KL</subfield>
    <subfield code="c">LL</subfield>
    <subfield code="d">2023-05-30</subfield>
    <subfield code="o">KRX68.O971</subfield>
    <subfield code="p">KSL/1930/193/23</subfield>
    <subfield code="r">2023-06-26 00:00:00</subfield>
    <subfield code="t">2</subfield>
    <subfield code="w">2023-06-26</subfield>
    <subfield code="y">BK</subfield>
  </datafield>
  <datafield tag="952" ind1=" " ind2=" ">
    <subfield code="0">0</subfield>
    <subfield code="1">0</subfield>
    <subfield code="2">lcc</subfield>
    <subfield code="4">0</subfield>
    <subfield code="7">0</subfield>
    <subfield code="a">WIUC-KL</subfield>
    <subfield code="b">WIUC-KL</subfield>
    <subfield code="c">LL</subfield>
    <subfield code="d">2023-05-30</subfield>
    <subfield code="l">0</subfield>
    <subfield code="o">KRX68.O972</subfield>
    <subfield code="p">KSL/1931/194/23</subfield>
    <subfield code="r">2023-06-26 00:00:00</subfield>
    <subfield code="t">3</subfield>
    <subfield code="w">2023-06-26</subfield>
    <subfield code="y">BK</subfield>
  </datafield>
  <datafield tag="952" ind1=" " ind2=" ">
    <subfield code="0">0</subfield>
    <subfield code="1">0</subfield>
    <subfield code="2">lcc</subfield>
    <subfield code="4">0</subfield>
    <subfield code="7">0</subfield>
    <subfield code="a">WIUC-KL</subfield>
    <subfield code="b">WIUC-KL</subfield>
    <subfield code="c">LL</subfield>
    <subfield code="d">2023-05-30</subfield>
    <subfield code="l">0</subfield>
    <subfield code="o">KRX68.O973</subfield>
    <subfield code="p">KSL/1932/195/23</subfield>
    <subfield code="r">2023-06-26 00:00:00</subfield>
    <subfield code="t">4</subfield>
    <subfield code="w">2023-06-26</subfield>
    <subfield code="y">BK</subfield>
  </datafield>
  <datafield tag="952" ind1=" " ind2=" ">
    <subfield code="0">0</subfield>
    <subfield code="1">0</subfield>
    <subfield code="2">lcc</subfield>
    <subfield code="4">0</subfield>
    <subfield code="7">0</subfield>
    <subfield code="a">WIUC-KL</subfield>
    <subfield code="b">WIUC-KL</subfield>
    <subfield code="c">LL</subfield>
    <subfield code="d">2023-05-30</subfield>
    <subfield code="l">0</subfield>
    <subfield code="o">KRX68.O974</subfield>
    <subfield code="p">KSL/1933/196/23</subfield>
    <subfield code="r">2023-06-26 00:00:00</subfield>
    <subfield code="t">5</subfield>
    <subfield code="w">2023-06-26</subfield>
    <subfield code="y">BK</subfield>
  </datafield>
  <datafield tag="952" ind1=" " ind2=" ">
    <subfield code="0">0</subfield>
    <subfield code="1">0</subfield>
    <subfield code="2">lcc</subfield>
    <subfield code="4">0</subfield>
    <subfield code="7">0</subfield>
    <subfield code="a">WIUC-1</subfield>
    <subfield code="b">WIUC-1</subfield>
    <subfield code="c">REF LAW SECTION</subfield>
    <subfield code="d">2024-07-19</subfield>
    <subfield code="l">0</subfield>
    <subfield code="o">KRX68.O97</subfield>
    <subfield code="p">194/194/24</subfield>
    <subfield code="r">2024-07-19 00:00:00</subfield>
    <subfield code="t">1</subfield>
    <subfield code="w">2024-07-19</subfield>
    <subfield code="y">BK</subfield>
  </datafield>
  <datafield tag="952" ind1=" " ind2=" ">
    <subfield code="0">0</subfield>
    <subfield code="1">0</subfield>
    <subfield code="2">lcc</subfield>
    <subfield code="4">0</subfield>
    <subfield code="7">0</subfield>
    <subfield code="a">WIUC-1</subfield>
    <subfield code="b">WIUC-1</subfield>
    <subfield code="c">REF LAW SECTION</subfield>
    <subfield code="d">2024-07-19</subfield>
    <subfield code="l">0</subfield>
    <subfield code="o">KRX68.O971</subfield>
    <subfield code="p">195/195/24</subfield>
    <subfield code="r">2024-07-19 00:00:00</subfield>
    <subfield code="t">2</subfield>
    <subfield code="w">2024-07-19</subfield>
    <subfield code="y">BK</subfield>
  </datafield>
  <datafield tag="952" ind1=" " ind2=" ">
    <subfield code="0">0</subfield>
    <subfield code="1">0</subfield>
    <subfield code="2">lcc</subfield>
    <subfield code="4">0</subfield>
    <subfield code="7">0</subfield>
    <subfield code="a">WIUC-1</subfield>
    <subfield code="b">WIUC-1</subfield>
    <subfield code="c">REF LAW SECTION</subfield>
    <subfield code="d">2024-07-19</subfield>
    <subfield code="l">0</subfield>
    <subfield code="o">KRX68.O972</subfield>
    <subfield code="p">196/196/24</subfield>
    <subfield code="r">2024-07-19 00:00:00</subfield>
    <subfield code="t">3</subfield>
    <subfield code="w">2024-07-19</subfield>
    <subfield code="y">BK</subfield>
  </datafield>
</record>
